00458 2200181 4500245005700000020001800057250001100075100001800086700001700104700001800121650001700139005001900156260003100175041001400206084001300220300003400233336000900267 aPsychic Detective Yakumo Vol. 1cMiyako, RitsuhText a9789792337747 aCet. 2 aMiyako, Ritsu aYoke Yuliana aAswini Rosita aKomik Jepang a20230202093131 aJakartabPT Gramediac2010 aIndonesia a741.5592 a... jil. :bilus. ;c16,5 cm. atext